Elmer y el clima.

Na minha lista:
Detalhes bibliográficos
Autor principal: McKee, David (autor)
Outros Autores: Goldin, Daniel (Editor), Loyo, Ernestina (traductora)
Formato: Desconhecido
Publicado em: Ciudad de México, México: Fondo de Cultura Económica, 1999.
Edição:Primera edición en español.
Colecção:Colección Los Especiales de A La Orilla del Viento.
Assuntos:
Tags: Adicionar Tag
Sem tags, seja o primeiro a adicionar uma tag!

MARC

LEADER 00000 a2200000 4500
003 CL-VaPUC
005 20250414165843.0
008 231010t1999 ||||| |||| 00| 0 eng d
999 |c 441647  |d 441645 
020 |a 9789681660673 
040 |c Pontificia Universidad Católica de Valparaíso 
082 7 |a 808.068 MCK 1999  |2 22 
100 |a McKee, David  |9 592162  |e autor 
245 |a Elmer y el clima. 
250 |a Primera edición en español. 
260 |a Ciudad de México, México:  |b Fondo de Cultura Económica,   |c 1999. 
300 |a [14] páginas :  |b ilustraciones.  
490 |a Colección Los Especiales de A La Orilla del Viento. 
583 |k GC  |c 20231010 
650 0 |a Literatura infantil   |9 307465  |x Cuentos 
700 |a Goldin, Daniel   |9 884734  |e editor 
700 |a Loyo, Ernestina   |e traductora  |9 884980 
942 |2 ddc  |c BK 
952 |0 0  |1 0  |2 ddc  |4 0  |6 808_068000000000000_MCK_1999  |7 0  |8 A  |9 591901  |a BIBEDU  |b BIBEDU  |c GEN  |d 2023-10-10  |e 13  |g 7286.00  |i 5659006  |l 1  |o 808.068 MCK 1999  |p 5659006  |r 2024-11-08  |s 2024-11-07  |t 1  |v 7286.00  |w 2023-10-10  |y BK  |k PAR